Mať to správne rozhodnutie
Dôvod na poistenie. Charakteristika rizikového poistenia. Kapitálové životné poistenie. Dôchodkové a investičné životné poistenie. Spôsob ukončenia zmluvy. Nastavenie poistky.
Enregistré dans:
| Auteur principal: | |
|---|---|
| Format: | Chapitre de livre |
| Langue: | slovaque |
| Sujets: | |
| Tags: |
Pas de tags, Soyez le premier à ajouter un tag!
|
MARC
| LEADER | 00000naa$a2200000$$$4500 | ||
|---|---|---|---|
| 001 | 0059925 | ||
| 005 | 20240502071649.1 | ||
| 041 | 0 | |a slo | |
| 044 | |a SK | ||
| 245 | 1 | 0 | |a Mať to správne rozhodnutie |c Pavel Škriniar |
| 520 | |a Dôvod na poistenie. Charakteristika rizikového poistenia. Kapitálové životné poistenie. Dôchodkové a investičné životné poistenie. Spôsob ukončenia zmluvy. Nastavenie poistky. | ||
| 610 | 2 | 0 | |a poistenie životné |
| 610 | 2 | 0 | |a poistenie rizikové |
| 610 | 2 | 0 | |a poistka |
| 610 | 2 | 0 | |a zmluvy poistné |
| 610 | 2 | 0 | |a poistenci |
| 100 | 1 | |a Škriniar, Pavel, 1979- | |